[Event "FIDE Grand Swiss"]
[Site "Douglas"]
[Date "2023.10.25"]
[Round "1"]
[White "Kuybokarov, Temur"]
[Black "Matlakov, Maxim"]
[Result "1-0"]
[WhiteElo "2584"]
[BlackElo "2674"]
[PlyCount "81"]
[EventDate "2023.10.25"]
[EventType "swiss"]
[EventRounds "11"]
[EventCountry "IOM"]
[SourceTitle "Mega2024 Update 01"]
[Source "Chessbase"]
[SourceDate "2023.11.12"]
[SourceVersion "1"]
[SourceVersionDate "2023.11.12"]
[SourceQuality "1"]

1. e4 e5 2. Nf3 Nc6 3. Bb5 a6 4. Ba4 Nf6 5. 0-0 Nxe4 6. d4 b5 7. Bb3 d5 8. dxe5 Be6 9. c3 Bc5 10. Nbd2 0-0 11. Bc2 Nxf2 12. Rxf2 Bxf2+ 13. Kxf2 f6 14. Nf1 fxe5 15. Kg1 Bg4 16. Ne3 Be6 17. Nf1 Bg4 18. Ne3 Be6 19. b3 a5 20. Bb2 Qe7 21. Qe1 e4 22. Nd4 Nxd4 23. cxd4 Rf7 24. Bd1 Raf8 25. Be2 Rf2 26. Nd1 e3 27. Nxe3 Bg4 28. Bxg4 Rxb2 29. Nxd5 Qg5 30. Bf3 Kh8 31. Qxa5 Rc2 32. Qe1 c5 33. h4 Qd8 34. Qe4 Rd2 35. dxc5 Re8 36. Qf5 Qxh4 37. Rf1 Qd4+ 38. Kh1 Qh4+ 39. Qh3 Qg5 40. Qh5 Qxh5+ 41. Bxh5 1-0

[Event "FIDE World Cup"]
[Site "Baku"]
[Date "2023.08.02"]
[Round "2.1"]
[White "Kuybokarov, Temur"]
[Black "Yu, Yangyi"]
[Result "0-1"]
[WhiteElo "2581"]
[BlackElo "2735"]
[PlyCount "86"]
[EventDate "2023.07.30"]
[EventType "k.o."]
[EventRounds "8"]
[EventCountry "AZE"]
[SourceTitle "EXT 2024"]
[Source "ChessBase"]
[SourceDate "2023.10.10"]
[SourceVersion "1"]
[SourceVersionDate "2023.10.10"]
[SourceQuality "1"]

1. e4 e5 2. Nf3 Nf6 3. Nxe5 d6 4. Nf3 Nxe4 5. d4 d5 6. Bd3 Nc6 7. 0-0 Be7 8. Nbd2 Bf5 9. Re1 Nxd2 10. Qxd2 Bg6 11. c3 0-0 12. Qc2 Qd7 13. Bf4 Rae8 14. Re3 Bf6 15. Rae1 Rxe3 16. fxe3 Re8 17. h3 Ne7 18. Be5 Bxd3 19. Qxd3 Bxe5 20. Nxe5 Qa4 21. e4 f6 22. Nf3 Qc6 23. e5 Ng6 24. Qf5 fxe5 25. dxe5 Qe6 26. Qg5 Qb6+ 27. Kh1 Qxb2 28. e6 c6 29. Qg3 Qb6 30. Ng5 Qd8 31. Rf1 Re7 32. Qg4 Qe8 33. Qf5 Qb8 34. Qd3 Qe5 35. Rf5 Qe1+ 36. Rf1 Qh4 37. Qf5 h6 38. Nf3 Qe4 39. Qh5 Nf4 40. Qh4 Rxe6 41. Qf2 Qe2 42. Qg1 Qe3 43. Qh2 c5 0-1

[Event "FIDE World Cup"]
[Site "Baku"]
[Date "2023.07.30"]
[Round "1.1"]
[White "Bernadskiy, Vitaliy"]
[Black "Kuybokarov, Temur"]
[Result "1/2-1/2"]
[WhiteElo "2545"]
[BlackElo "2581"]
[PlyCount "146"]
[EventDate "2023.07.30"]
[EventType "k.o."]
[EventRounds "8"]
[EventCountry "AZE"]
[SourceTitle "EXT 2024"]
[Source "ChessBase"]
[SourceDate "2023.10.10"]
[SourceVersion "1"]
[SourceVersionDate "2023.10.10"]
[SourceQuality "1"]

1. d4 Nf6 2. Bg5 d5 3. Nd2 c5 4. dxc5 Nc6 5. c3 a5 6. Ngf3 h6 7. Bxf6 exf6 8. e4 Bxc5 9. exd5 Qxd5 10. Bc4 Qh5 11. Ne4 0-0 12. Qd5 Qxd5 13. Bxd5 Be7 14. 0-0-0 Bg4 15. h3 Bxf3 16. gxf3 f5 17. Bxc6 bxc6 18. Nd6 g6 19. Rhe1 Ra7 20. Kc2 a4 21. Nc4 Rb8 22. Ne5 Rc8 23. Rd7 Bc5 24. Red1 Rcc7 25. Rxc7 Rxc7 26. Rd8+ Kg7 27. Nd3 Ba7 28. c4 c5 29. Rd6 g5 30. Kd2 h5 31. Ke2 Re7+ 32. Kf1 Re6 33. Rd5 Kf6 34. Nxc5 Rc6 35. Nd7+ Ke6 36. b3 axb3 37. axb3 h4 38. Kg2 Ra6 39. f4 Ra3 40. fxg5 Rxb3 41. Ne5 Rc3 42. Nd3 Bb8 43. Rd4 Ba7 44. Rd5 Bb8 45. Nc5+ Ke7 46. Rd4 Rc2 47. Nd3 Ba7 48. Rd5 Rd2 49. Kf1 Bb6 50. c5 Bc7 51. Nb4 Rb2 52. Rd4 Ke6 53. Nd3 Rb3 54. Ke2 f4 55. c6 Rc3 56. Nxf4+ Ke5 57. Rd7 Kxf4 58. Rxc7 Kxg5 59. Kd2 Rc5 60. Kd3 f5 61. Rc8 Kf4 62. Kd4 Rc2 63. Kd5 Rd2+ 64. Ke6 Re2+ 65. Kf6 Rxf2 66. Rh8 Rc2 67. Rxh4+ Kg3 68. Kg5 Rxc6 69. Rf4 Rc8 70. Rxf5 Rg8+ 71. Kf6 Rf8+ 72. Ke5 Rxf5+ 73. Kxf5 Kxh3 1/2-1/2

[Event "Sharjah Masters 6th"]
[Site "Sharjah"]
[Date "2023.05.25"]
[Round "9"]
[White "Kuybokarov, Temur"]
[Black "Sargsyan, Shant"]
[Result "1/2-1/2"]
[WhiteElo "2566"]
[BlackElo "2630"]
[PlyCount "112"]
[EventDate "2023.05.17"]
[EventType "swiss"]
[EventRounds "9"]
[EventCountry "UAE"]
[SourceTitle "CBM 215"]
[Source "ChessBase"]
[SourceDate "2023.08.31"]
[SourceVersion "1"]
[SourceVersionDate "2023.08.31"]
[SourceQuality "1"]

1. e4 e5 2. Nf3 Nc6 3. Bb5 Nf6 4. 0-0 Nxe4 5. d4 Nd6 6. dxe5 Nxb5 7. a4 d6 8. e6 Bxe6 9. axb5 Ne5 10. Nd4 Be7 11. f4 Nc4 12. Nxe6 fxe6 13. Qd4 d5 14. Qxg7 Bf6 15. Qg4 Qd7 16. Re1 e5 17. Qh5+ Qf7 18. Qxf7+ Kxf7 19. Nc3 Rhd8 20. fxe5 Bxe5 21. Bf4 Bd4+ 22. Kh1 Rd7 23. Rf1 Kg8 24. Nd1 Rf7 25. c3 Nd2 26. cxd4 Nxf1 27. g3 Re8 28. Kg1 Re1 29. Kf2 Ne3 30. Rxa7 Nc2 31. Nc3 c6 32. bxc6 bxc6 33. Ra6 Re6 34. Nxd5 Nxd4 35. Ne3 c5 36. Ra8+ Kg7 37. Rb8 Re4 38. Rb6 h5 39. b4 c4 40. Nxc4 Re2+ 41. Kf1 Rxh2 42. Ne5 Ra7 43. Rg6+ Kh7 44. Rh6+ Kg7 45. Rg6+ Kh7 46. Rh6+ Kg8 47. Rg6+ Rg7 48. Rd6 Nf5 49. Rd8+ Kh7 50. g4 Rh1+ 51. Kg2 Rb1 52. g5 Nh4+ 53. Kg3 Rxb4 54. Rf8 Ng6 55. Nxg6 Rxg6 56. Kh4 Kg7 1/2-1/2

[Event "Sharjah Masters 6th"]
[Site "Sharjah"]
[Date "2023.05.21"]
[Round "5"]
[White "Kuybokarov, Temur"]
[Black "Narayanan, Sunilduth Lyna"]
[Result "1-0"]
[WhiteElo "2566"]
[BlackElo "2660"]
[PlyCount "71"]
[EventDate "2023.05.17"]
[EventType "swiss"]
[EventRounds "9"]
[EventCountry "UAE"]
[SourceTitle "CBM 215"]
[Source "ChessBase"]
[SourceDate "2023.08.31"]
[SourceVersion "1"]
[SourceVersionDate "2023.08.31"]
[SourceQuality "1"]

1. e4 e5 2. Nf3 Nc6 3. Bb5 a6 4. Ba4 Nf6 5. 0-0 Be7 6. Re1 b5 7. Bb3 0-0 8. h3 Bb7 9. d3 d6 10. a3 Re8 11. Ng5 Rf8 12. Nf3 h6 13. Nbd2 Re8 14. Nf1 Bf8 15. Ng3 Na5 16. Ba2 d5 17. Bd2 dxe4 18. Nxe5 Rxe5 19. Bxa5 Re7 20. dxe4 Nxe4 21. Nxe4 Bxe4 22. Qh5 g6 23. Qg4 h5 24. Qf4 Bb7 25. Rxe7 Qxe7 26. Re1 Qd7 27. Qf6 Bg7 28. Qxg6 Bd5 29. Qg5 Bxa2 30. Bc3 f6 31. Bxf6 Qf7 32. Bc3 Rf8 33. f4 b4 34. axb4 Kh8 35. Re7 Bxc3 36. bxc3 1-0

[Event "Doeberl Cup"]
[Site "Canberra"]
[Date "2023.04.06"]
[Round "2"]
[White "Kethro, Michael"]
[Black "Kuybokarov, Temur"]
[Result "1/2-1/2"]
[WhiteElo "2126"]
[BlackElo "2562"]
[PlyCount "40"]
[EventDate "2023.04.06"]
[EventType "swiss"]
[EventRounds "9"]
[EventCountry "AUS"]
[SourceTitle "CBM 213 Extra"]
[Source "ChessBase"]
[SourceDate "2023.05.31"]
[SourceVersion "1"]
[SourceVersionDate "2023.05.31"]
[SourceQuality "1"]

1. d4 Nf6 2. c4 g6 3. Nc3 d5 4. cxd5 Nxd5 5. e4 Nxc3 6. bxc3 Bg7 7. Nf3 c5 8. Bb5+ Nd7 9. 0-0 0-0 10. Re1 a6 11. Bf1 b5 12. a4 bxa4 13. Qxa4 Bb7 14. Rb1 Ra7 15. Ba3 e6 16. Bb5 Nb6 17. Qa5 Nc8 18. Qxd8 Rxd8 19. Bf1 Bf8 20. dxc5 Rd7 1/2-1/2

[Event "Oceania zt 3.6 playoff"]
[Site "Melbourne"]
[Date "2023.01.28"]
[Round "1"]
[White "Kuybokarov, Temur"]
[Black "Lane, Gary William"]
[Result "1-0"]
[WhiteElo "2558"]
[BlackElo "2343"]
[PlyCount "73"]
[EventDate "2023.01.28"]
[EventType "match"]
[EventRounds "2"]
[EventCountry "AUS"]
[SourceTitle "CBM 212 Extra"]
[Source "ChessBase"]
[SourceDate "2023.03.31"]
[SourceVersion "1"]
[SourceVersionDate "2023.03.31"]
[SourceQuality "1"]

1. e4 e5 2. Nf3 Nc6 3. Bb5 a6 4. Ba4 Nf6 5. 0-0 b5 6. Bb3 Bb7 7. Re1 Bc5 8. c3 d6 9. d4 Bb6 10. a4 0-0 11. Bg5 h6 12. Bh4 Re8 13. d5 Na5 14. Bc2 c6 15. dxc6 Bxc6 16. Na3 Rc8 17. axb5 axb5 18. Bd3 g5 19. Bg3 Qd7 20. b4 Nb7 21. Qe2 Qg4 22. Bxb5 h5 23. Bxc6 Rxc6 24. Qb5 Rec8 25. Nc4 Rxc4 26. Qxb6 h4 27. h3 Qd7 28. Bxe5 Nxe4 29. Bd4 Nxc3 30. Ra7 R8c7 31. Ra8+ Rc8 32. Rxc8+ Qxc8 33. Re7 g4 34. hxg4 Nd5 35. Qxb7 Nxe7 36. Qxe7 Qxg4 37. Qe8+ 1-0

[Event "Oceania zt 3.6"]
[Site "Melbourne"]
[Date "2023.01.28"]
[Round "9"]
[White "Kuybokarov, Temur"]
[Black "Winkelman, Albert"]
[Result "1-0"]
[WhiteElo "2558"]
[BlackElo "2272"]
[PlyCount "59"]
[EventDate "2023.01.23"]
[EventType "swiss"]
[EventRounds "9"]
[EventCountry "AUS"]
[SourceTitle "CBM 212 Extra"]
[Source "ChessBase"]
[SourceDate "2023.03.31"]
[SourceVersion "1"]
[SourceVersionDate "2023.03.31"]
[SourceQuality "1"]

1. e4 e5 2. Nf3 Nc6 3. Bc4 Nf6 4. Ng5 d5 5. exd5 Na5 6. Bb5+ c6 7. dxc6 bxc6 8. Bd3 Nd5 9. Nf3 Bd6 10. 0-0 0-0 11. Re1 Re8 12. Nc3 g5 13. Nxd5 cxd5 14. Bb5 Re6 15. d4 e4 16. Nxg5 Rg6 17. Qh5 h6 18. Nxf7 Kxf7 19. Qxd5+ Kg7 20. Qxe4 Bh3 21. Bf1 Re6 22. Qd3 Qh4 23. Rxe6 Bxe6 24. g3 Qh5 25. Qa6 Rd8 26. Bd2 Bd5 27. c4 Be4 28. Re1 Bxg3 29. fxg3 Qf3 30. Qxh6+ 1-0

[Event "Oceania zt 3.6"]
[Site "Melbourne"]
[Date "2023.01.27"]
[Round "8"]
[White "Liu, Yi"]
[Black "Kuybokarov, Temur"]
[Result "1/2-1/2"]
[WhiteElo "2303"]
[BlackElo "2558"]
[PlyCount "65"]
[EventDate "2023.01.23"]
[EventType "swiss"]
[EventRounds "9"]
[EventCountry "AUS"]
[SourceTitle "CBM 212 Extra"]
[Source "ChessBase"]
[SourceDate "2023.03.31"]
[SourceVersion "1"]
[SourceVersionDate "2023.03.31"]
[SourceQuality "1"]

1. Nf3 d5 2. d4 Nf6 3. Bf4 c5 4. e3 Nc6 5. Nbd2 Nh5 6. dxc5 Nxf4 7. exf4 g6 8. c3 Bh6 9. g3 0-0 10. Bg2 Bg7 11. Nb3 a5 12. 0-0 a4 13. Nbd4 Ra5 14. Nxc6 bxc6 15. Ne5 Qc7 16. Qd4 Rd8 17. b4 axb3 18. axb3 Rxa1 19. Rxa1 f6 20. Nf3 e5 21. Qb4 Bg4 22. Qb6 Qxb6 23. cxb6 Rb8 24. Ra6 Bxf3 25. Bxf3 e4 26. Bd1 f5 27. c4 Bd4 28. cxd5 cxd5 29. b4 Bxb6 30. Bb3 e3 31. Bxd5+ Kg7 32. Kf1 exf2 33. Ra8 1/2-1/2

[Event "Oceania zt 3.6"]
[Site "Melbourne"]
[Date "2023.01.24"]
[Round "2"]
[White "Beaumont, David"]
[Black "Kuybokarov, Temur"]
[Result "0-1"]
[WhiteElo "1850"]
[BlackElo "2558"]
[PlyCount "46"]
[EventDate "2023.01.23"]
[EventType "swiss"]
[EventRounds "9"]
[EventCountry "AUS"]
[SourceTitle "CBM 212 Extra"]
[Source "ChessBase"]
[SourceDate "2023.03.31"]
[SourceVersion "1"]
[SourceVersionDate "2023.03.31"]
[SourceQuality "1"]

1. d4 Nf6 2. c4 g6 3. Nc3 d5 4. cxd5 Nxd5 5. e4 Nxc3 6. bxc3 Bg7 7. Be3 c5 8. Rc1 Qa5 9. Qd2 0-0 10. Nf3 Bg4 11. Be2 Nd7 12. h3 Bxf3 13. Bxf3 Nb6 14. Be2 Rfd8 15. Rc2 Qa4 16. d5 Qxe4 17. c4 Qxg2 18. Rf1 e6 19. f4 exd5 20. Rg1 Qxh3 21. Bg4 Qh4+ 22. Kf1 Nxc4 23. Rxc4 dxc4 0-1

[Event "Oceania zt 3.6"]
[Site "Melbourne"]
[Date "2023.01.24"]
[Round "3"]
[White "Kuybokarov, Temur"]
[Black "Soo, Kai Jie"]
[Result "1-0"]
[WhiteElo "2558"]
[BlackElo "2046"]
[PlyCount "91"]
[EventDate "2023.01.23"]
[EventType "swiss"]
[EventRounds "9"]
[EventCountry "AUS"]
[SourceTitle "CBM 212 Extra"]
[Source "ChessBase"]
[SourceDate "2023.03.31"]
[SourceVersion "1"]
[SourceVersionDate "2023.03.31"]
[SourceQuality "1"]

1. e4 e6 2. d4 d5 3. Nc3 Bb4 4. e5 c5 5. a3 Bxc3+ 6. bxc3 Ne7 7. Qg4 0-0 8. Bd3 f5 9. exf6 Rxf6 10. Bg5 Rf7 11. Qh5 g6 12. Qd1 Nbc6 13. Nf3 Qa5 14. Bd2 c4 15. Be2 Nf5 16. 0-0 Bd7 17. Re1 Nd6 18. Ng5 Rf6 19. Bg4 Re8 20. h4 h6 21. Nf3 Ne4 22. Bxh6 Nxc3 23. Qd2 Ne4 24. Qxa5 Nxa5 25. Ne5 Ba4 26. f3 Kh7 27. Be3 Nd6 28. c3 Nb3 29. Ra2 Nf7 30. Bg5 Nxg5 31. hxg5 Rff8 32. g3 Re7 33. Rh2+ Kg7 34. Kf2 Rg8 35. Reh1 Kf8 36. Rh7 Rxh7 37. Rxh7 Rg7 38. Rxg7 Kxg7 39. Bxe6 Bc6 40. f4 Nd2 41. Bf7 Ne4+ 42. Ke3 Nxc3 43. Bxg6 Na2 44. f5 Ba4 45. f6+ Kf8 46. Bh7 1-0

[Event "Perth op"]
[Site "Perth"]
[Date "2023.01.06"]
[Round "7"]
[White "Kuybokarov, Temur"]
[Black "Morris, James"]
[Result "1-0"]
[WhiteElo "2558"]
[BlackElo "2456"]
[PlyCount "101"]
[EventDate "2023.01.02"]
[EventType "swiss"]
[EventRounds "11"]
[EventCountry "AUS"]
[SourceTitle "CBM 212 Extra"]
[Source "ChessBase"]
[SourceDate "2023.03.31"]
[SourceVersion "1"]
[SourceVersionDate "2023.03.31"]
[SourceQuality "1"]

1. e4 c5 2. Nf3 d6 3. d4 cxd4 4. Nxd4 Nf6 5. Nc3 a6 6. Bg5 e6 7. f4 h6 8. Bh4 Be7 9. Qf3 Nbd7 10. 0-0-0 Qc7 11. Be2 b5 12. Bxf6 Nxf6 13. e5 Bb7 14. Qg3 dxe5 15. fxe5 Ne4 16. Nxe6 Qxc3 17. Nxg7+ Kf8 18. Ne6+ Ke8 19. Ng7+ Kf8 20. Ne6+ Ke8 21. Qxc3 Nxc3 22. Nc7+ Kf8 23. bxc3 Rc8 24. Nd5 Ba3+ 25. Kb1 Bxd5 26. Rxd5 Rg8 27. Bf3 Rxc3 28. Rd7 Rg5 29. Re1 Rc4 30. Rd3 Rb4+ 31. Rb3 Ke7 32. c3 Ra4 33. Re2 h5 34. Bd5 Rf5 35. Kc2 Bc5 36. Rb1 Rh4 37. Rd1 Rhf4 38. Bf3 h4 39. Rd5 Bg1 40. h3 Ra4 41. Kb3 Kf8 42. Rd8+ Ke7 43. Rb8 Bh2 44. Rb7+ Kf8 45. e6 fxe6 46. Rxe6 Rc5 47. Bc6 Re5 48. Rf6+ Kg8 49. Rd6 Re7 50. Bd5+ Kf8 51. Rd8+ 1-0

[Event "Perth op"]
[Site "Perth"]
[Date "2023.01.04"]
[Round "4"]
[White "Kuybokarov, Temur"]
[Black "Stojic, Dusan"]
[Result "1-0"]
[WhiteElo "2558"]
[BlackElo "2219"]
[PlyCount "77"]
[EventDate "2023.01.02"]
[EventType "swiss"]
[EventRounds "11"]
[EventCountry "AUS"]
[SourceTitle "CBM 212 Extra"]
[Source "ChessBase"]
[SourceDate "2023.03.31"]
[SourceVersion "1"]
[SourceVersionDate "2023.03.31"]
[SourceQuality "1"]

1. e4 c5 2. Nf3 d6 3. d4 cxd4 4. Nxd4 Nf6 5. Nc3 a6 6. Bg5 Nbd7 7. Bc4 e6 8. Qe2 h6 9. Bxf6 Qxf6 10. 0-0-0 b5 11. Bb3 Bb7 12. a3 Rc8 13. Qe3 g5 14. g3 h5 15. f4 gxf4 16. gxf4 Bh6 17. Rhf1 Rg8 18. Kb1 Ke7 19. Nde2 Nc5 20. Rxd6 Kf8 21. Bd5 Qe7 22. Bxb7 Qxb7 23. Qd4 Qc7 24. Rd1 Bg7 25. e5 Bh6 26. f5 Rg4 27. Qf2 Ne4 28. Nxe4 Qxc2+ 29. Ka1 Rxe4 30. fxe6 Bf4 31. Rd8+ Rxd8 32. Rxd8+ Kg7 33. Qg1+ Kh7 34. Qg8+ Kh6 35. Qh8+ Kg5 36. Rg8+ Kh4 37. Qf6+ Kh3 38. Ng1+ Kxh2 39. Qh4# 1-0

[Event "Perth op"]
[Site "Perth"]
[Date "2023.01.03"]
[Round "3"]
[White "Qi, Zhe"]
[Black "Kuybokarov, Temur"]
[Result "0-1"]
[WhiteElo "2087"]
[BlackElo "2558"]
[PlyCount "76"]
[EventDate "2023.01.02"]
[EventType "swiss"]
[EventRounds "11"]
[EventCountry "AUS"]
[SourceTitle "CBM 212 Extra"]
[Source "ChessBase"]
[SourceDate "2023.03.31"]
[SourceVersion "1"]
[SourceVersionDate "2023.03.31"]
[SourceQuality "1"]

1. d4 Nf6 2. Bg5 Ne4 3. Bf4 c5 4. f3 Qa5+ 5. c3 Nf6 6. Nd2 cxd4 7. Nb3 Qd8 8. Nxd4 d6 9. Bg3 g6 10. e4 Bg7 11. Bc4 0-0 12. Nge2 Nc6 13. 0-0 d5 14. exd5 Nxd5 15. Nxc6 bxc6 16. Qd2 Nxc3 17. Qe1 Nd5 18. Rd1 Ba6 19. b3 Qc8 20. Bxa6 Qxa6 21. Qd2 Rad8 22. Bf2 Nc3 23. Qxd8 Nxe2+ 24. Kh1 Rxd8 25. Rxd8+ Bf8 26. Rfd1 Qxa2 27. Be3 Kg7 28. Re1 Qa5 29. Rd2 Nc3 30. Bd4+ f6 31. Rc1 Nb5 32. Be3 Qa3 33. Rd3 Qb2 34. h3 Qe2 35. Rcd1 Nc3 36. R1d2 Qe1+ 37. Kh2 Nd5 38. Bxa7 e6 0-1

[Event "Abu Dhabi Masters 28th"]
[Site "Abu Dhabi"]
[Date "2022.08.22"]
[Round "6"]
[White "Kuybokarov, Temur"]
[Black "Amin, Bassem"]
[Result "1/2-1/2"]
[WhiteElo "2583"]
[BlackElo "2687"]
[PlyCount "95"]
[EventDate "2022.08.17"]
[EventType "swiss"]
[EventRounds "9"]
[EventCountry "UAE"]
[SourceTitle "CBM 209 Extra"]
[Source "ChessBase"]
[SourceDate "2022.09.30"]
[SourceVersion "1"]
[SourceVersionDate "2022.09.30"]
[SourceQuality "1"]

1. e4 e5 2. Nf3 Nc6 3. Bb5 a6 4. Ba4 Nf6 5. 0-0 Be7 6. Re1 b5 7. Bb3 d6 8. c3 0-0 9. h3 Bb7 10. d4 Re8 11. Ng5 Rf8 12. Nf3 Re8 13. a3 Bf8 14. Nbd2 Nb8 15. Ng5 Re7 16. dxe5 dxe5 17. Nxf7 Rxf7 18. Nf3 Qxd1 19. Rxd1 c5 20. Be6 Nc6 21. Ng5 Nd8 22. Rxd8 Rxd8 23. Bxf7+ Kh8 24. Bb3 Rb8 25. f3 c4 26. Bc2 Re8 27. h4 h6 28. Nh3 Bc5+ 29. Kf1 Rd8 30. a4 Nh5 31. axb5 axb5 32. Nf2 b4 33. Ra5 Bxf2 34. Kxf2 b3 35. Bxb3 cxb3 36. Rxe5 Rd1 37. Be3 Rb1 38. Rxh5 Rxb2+ 39. Kg3 Ba6 40. Bd4 Kh7 41. Ra5 Bf1 42. c4 Rxg2+ 43. Kf4 Bxc4 44. Ra7 Kg8 45. Ra8+ Kh7 46. Ra7 Kg8 47. Ra8+ Kh7 48. Ra7 1/2-1/2

[Event "Abu Dhabi Masters 28th"]
[Site "Abu Dhabi"]
[Date "2022.08.20"]
[Round "5"]
[White "Kuybokarov, Temur"]
[Black "Predke, Alexandr"]
[Result "1/2-1/2"]
[WhiteElo "2583"]
[BlackElo "2692"]
[PlyCount "124"]
[EventDate "2022.08.17"]
[EventType "swiss"]
[EventRounds "9"]
[EventCountry "UAE"]
[SourceTitle "CBM 209 Extra"]
[Source "ChessBase"]
[SourceDate "2022.09.30"]
[SourceVersion "1"]
[SourceVersionDate "2022.09.30"]
[SourceQuality "1"]

1. e4 c5 2. Nf3 e6 3. d4 cxd4 4. Nxd4 Nc6 5. Nc3 Qc7 6. Be3 a6 7. Qf3 h5 8. Qg3 d6 9. f4 b5 10. a3 Bb7 11. Bd3 Nf6 12. h3 h4 13. Qf2 Be7 14. Nf3 b4 15. axb4 Nxb4 16. 0-0 d5 17. e5 Ne4 18. Bxe4 dxe4 19. Ng5 Rc8 20. Ngxe4 Bxe4 21. Nxe4 Qxc2 22. Qf3 0-0 23. f5 exf5 24. Qxf5 Rc4 25. Bg5 Bxg5 26. Nxg5 Qxf5 27. Rxf5 f6 28. Raf1 Nd5 29. exf6 Nxf6 30. Ne6 Rf7 31. R5f4 Rxf4 32. Rxf4 Rb7 33. Rxh4 Rxb2 34. Ra4 Nd5 35. Rxa6 Ne3 36. Nf4 Rb4 37. Nd3 Rd4 38. Ra3 Nd5 39. Kf2 Rc4 40. Kf3 Kh7 41. g3 Nf6 42. Ne5 Rc5 43. Kf4 Nd5+ 44. Kf3 Nf6 45. Re3 Nd5 46. Re2 Rc3+ 47. Kf2 Ra3 48. Nf3 Nf6 49. g4 Ra5 50. Re6 Kg8 51. g5 Kf7 52. Re5 Ra2+ 53. Kg3 Nh5+ 54. Kh4 g6 55. Re4 Rf2 56. Re3 Kg8 57. Ra3 Kh7 58. Ne5 Rf4+ 59. Ng4 Kg7 60. Ra7+ Kg8 61. Ra6 Kg7 62. Rxg6+ Kxg6 1/2-1/2

[Event "Abu Dhabi Masters 28th"]
[Site "Abu Dhabi"]
[Date "2022.08.18"]
[Round "3"]
[White "Kuybokarov, Temur"]
[Black "Nezad, Husein Aziz"]
[Result "1-0"]
[WhiteElo "2583"]
[BlackElo "2377"]
[PlyCount "49"]
[EventDate "2022.08.17"]
[EventType "swiss"]
[EventRounds "9"]
[EventCountry "UAE"]
[SourceTitle "CBM 209 Extra"]
[Source "ChessBase"]
[SourceDate "2022.09.30"]
[SourceVersion "1"]
[SourceVersionDate "2022.09.30"]
[SourceQuality "1"]

1. e4 e5 2. Nf3 Nc6 3. Bb5 Nf6 4. 0-0 Nxe4 5. d4 Nd6 6. Bxc6 dxc6 7. dxe5 Nf5 8. Qxd8+ Kxd8 9. h3 Bd7 10. Nc3 b6 11. g4 Ne7 12. Ng5 Ke8 13. Rd1 Rd8 14. Bf4 h6 15. Nge4 Be6 16. Bg3 Nd5 17. Ne2 c5 18. a3 b5 19. f4 Ne3 20. Rxd8+ Kxd8 21. Bf2 Nxc2 22. Rc1 Nd4 23. Bxd4 cxd4 24. Nxd4 Bc4 25. Rd1 1-0

[Event "Olympiad-44"]
[Site "Chennai"]
[Date "2022.08.03"]
[Round "6.2"]
[White "Tari, Aryan"]
[Black "Kuybokarov, Temur"]
[Result "0-1"]
[WhiteElo "2672"]
[BlackElo "2583"]
[PlyCount "78"]
[EventDate "2022.07.29"]
[EventType "team-swiss"]
[EventRounds "11"]
[EventCountry "IND"]
[SourceTitle "CBM 210"]
[Source "ChessBase"]
[SourceDate "2022.10.31"]
[SourceVersion "1"]
[SourceVersionDate "2022.10.31"]
[SourceQuality "1"]
[WhiteTeam "Norway"]
[BlackTeam "Australia"]
[WhiteTeamCountry "NOR"]
[BlackTeamCountry "AUS"]

1. Nf3 d5 2. d4 Nf6 3. c4 dxc4 4. e3 e6 5. Bxc4 c5 6. 0-0 Nc6 7. Nc3 a6 8. d5 Nxd5 9. Nxd5 Na5 10. b3 Nxc4 11. bxc4 exd5 12. cxd5 Bd6 13. e4 f6 14. a4 0-0 15. h3 b6 16. Bb2 Bd7 17. Re1 Qc7 18. e5 fxe5 19. Nxe5 Rae8 20. Qb3 b5 21. axb5 axb5 22. Nxd7 Rxe1+ 23. Rxe1 Qxd7 24. Re6 c4 25. Qe3 b4 26. Be5 Bxe5 27. Qxe5 Qf7 28. Qd4 b3 29. Qxc4 b2 30. Qb4 Qxf2+ 31. Kh2 h5 32. Rb6 h4 33. Qd6 Re8 34. Rb4 Re2 35. Qd8+ Qf8 36. Qb6 Qf6 37. Qb8+ Kh7 38. Rg4 Re1 39. Rb4 Qf2 0-1

[Event "Gold Coast op"]
[Site "Gold Coast"]
[Date "2022.06.26"]
[Round "7"]
[White "Kuybokarov, Temur"]
[Black "Renjith, Sravan"]
[Result "1-0"]
[WhiteElo "2582"]
[BlackElo "2168"]
[PlyCount "57"]
[EventDate "2022.06.23"]
[EventType "swiss"]
[EventRounds "9"]
[EventCountry "AUS"]
[SourceTitle "CBM 209 Extra"]
[Source "ChessBase"]
[SourceDate "2022.09.30"]
[SourceVersion "1"]
[SourceVersionDate "2022.09.30"]
[SourceQuality "1"]

1. e4 e5 2. Nf3 Nf6 3. Nxe5 d6 4. Nf3 Nxe4 5. d4 d5 6. Bd3 Bd6 7. 0-0 0-0 8. c4 c6 9. Qc2 Re8 10. Nc3 Bf5 11. Re1 Bb4 12. Bf4 Nd7 13. cxd5 Bxc3 14. bxc3 cxd5 15. c4 Ndf6 16. c5 Nd7 17. Rab1 Qc8 18. h3 Nf8 19. Nh4 Bg6 20. Nxg6 Nxg6 21. Bh2 Re7 22. Bxe4 dxe4 23. Rxe4 Qf5 24. Re2 Qxc2 25. Rxc2 Rae8 26. Kf1 Rd7 27. Bd6 f6 28. Rcb2 b6 29. cxb6 1-0